Genshin Impact ABC's - Playable Character - Statistics

General Stats
  • This quiz has been taken 167 times
  • The average score is 23 of 26
Answer Stats
Hint Answer % Correct
A Albedo
98%
B Baizhu
98%
C Candace
97%
D Dahlia
97%
F Faruzan
96%
G Gaming
95%
K Kachina
94%
Y Yae Miko
94%
E Emilie
93%
X Xiangling
93%
L Lan Yan
92%
M Mavuika
92%
N Nahida
92%
S Sayu
92%
V Varesa
89%
W Wanderer
89%
R Raiden
88%
I Iansan
86%
O Ororon
86%
T Tartaglia
86%
Z Zhongli
86%
J Jean
83%
Q Qiqi
79%
H Hu Tao
69%
P None
59%
U None
59%
No matching quizzes found
Score Distribution
Percent of People with Each Score
Percentile by Number Answered
Your Score History
You have not taken this quiz